• 首页
  • 本馆介绍
  • 公告通知
  • 最新文献
  • 馆藏检索
  • 电子资源
  • 读者导购
  • 参考咨询
  • 我的图书馆
  • 登录
  • 详细信息显示
  • 放入我的书架
  • 预约/预借图书
  • 作者相关作品
  • 分类相关作品
  • 丛书相关作品
  • 出版社相关作品

书目信息

  • 表格格式
  • 工作单格式
  • 卡片格式
题名:
理财工具一典通
    
 
作者: ;陈文龙 , 任娟 , 仲垣 整理 ;台湾金融研究院 编
分册:  
出版信息: 北京   中国金融出版社  2009
页数: 12,283页
开本: 21cm
丛书名:
单 册:
中图分类: F830.59
科图分类:
主题词: 金融投资--通俗读物 , 金融投资
电子资源:
ISBN: 978-7-5049-5034-5
000 01125nam0 2200301 45
001 1033032781
005 20100408162402.37
010    @a978-7-5049-5034-5@dCNY30.00
100    @a20100331d2009 em y0chiy0110 ea
101 0  @achi
102    @aCN@b110000
105    @aa z 000yy
106    @ar
200 1  @a理财工具一典通@ALi Cai Gong Ju Yi Dian Tong@e快速致富9条通@EKuai Su Zhi Fu 9 Tiao Tong@f台湾金融研究院编@FTai Wan Jin Rong Yan Jiu Yuan Bian@g陈文龙,任娟,仲垣整理
210    @a北京@c中国金融出版社@d2009
215    @a12,283页@c图@d21cm
306    @a由台湾金融研训院、上旗文化事业股份有限公司授权出版
330    @a本书详细介绍各类理财工具的特性及有效运用的方法,同时对报酬计算、风险评估和策略运用等皆有详细说明。
517 1  @a快速致富9条通@AKuai Su Zhi Fu 9 Tiao Tong
606 0  @a金融投资@j通俗读物
606 0  @a金融投资
690    @aF830.59@v4
702  0 @a陈文龙@AChen Wen Long@4整理
702  0 @a任娟@ARen Juan@4整理
702  0 @a仲垣@AZhong Yuan@4整理
711 02 @a台湾金融研究院@ATai Wan Jin Rong Yan Jiu Yuan@4编
801  0 @aCN@bTANGWEI@c20100408
905    @b0587727-31@dF830.59@e163@f5
    
    理财工具一典通:快速致富9条通/台湾金融研究院编/陈文龙,任娟,仲垣整理.-北京:中国金融出版社,2009
    12,283页:图;21cm
    
    
    ISBN 978-7-5049-5034-5:CNY30.00
    本书详细介绍各类理财工具的特性及有效运用的方法,同时对报酬计算、风险评估和策略运用等皆有详细说明。
●
相关链接 在E读中查询图书 在五车中查询图书 在当当中查询图书 在豆瓣中查询图书


正题名:理财工具一典通     索取号:F830.59/163         预约/预借

序号 登录号 条形码 馆藏地/架位号 状态 备注
1 0587727   205877274   第一样本阅览室/ [索取号:F830.59/163] 在馆    
2 0587728   205877283   第一借阅区/ [索取号:F830.59/163] 在馆    
3 0587729   205877292   第一借阅区/ [索取号:F830.59/163] 在馆    
4 0587730   205877309   第一借阅区/ [索取号:F830.59/163] 在馆    
5 0587731   205877318   第一借阅区/ [索取号:F830.59/163] 在馆    
欢迎您!
大连网信软件有限公司© 版权所有